| 000 | 00427 a2200157 4500 | ||
|---|---|---|---|
| 001 | 149568 | ||
| 040 | _cEscola São Tomás de Aquino | ||
| 100 | _aTAMBUSCIO, Pablo | ||
| 240 | 1 | 0 |
_aA múmia _lpor |
| 245 | 1 | 0 | _aA múmia |
| 300 | _a31 | ||
| 362 | 0 | _a2012 | |
| 440 | 1 | _aFTD | |
| 697 | _aHistórias de bruxas, centauros, fadas, duendes, deuses, sereias, ogres, vampiros, feiticeiros, mágicos | ||
| 942 | _cBK | ||
| 999 |
_c149568 _d149568 |
||